Top 10 des bonbons les plus vendus en France cette année - Statistiques

Statistiques générales
  • Ce quiz a été pris 137 fois
  • Le résultat moyen est 3 sur 10
Statistiques - réponses
Rang Bonbons % Correct
1 Dragibus
77%
2 Fraises Tagada
72%
10 Rotella
49%
5 Carambar
36%
4 Schtroumpfs
30%
7 Happy Cola
29%
8 Ours d'or
25%
6 Arlequin
13%
3 Chamallows
9%
9 Tagada Pink
1%
Aucun quiz correspondant
Distribution des résultats
% des personnes avec chaque résultat
Percentile par nombre de réponses
Votre historique - résultats
Vous n’avez pas pris ce quiz